Cung oán ngâm khúc = Das klagelied der odaliske
Bewaard in:
| Hoofdauteur: | |
|---|---|
| Formaat: | Boek |
| Taal: | Undetermined |
| Gepubliceerd in: |
Sài Gòn
Tân Việt
1967
|
| Onderwerpen: | |
| Tags: |
Voeg label toe
Geen labels, Wees de eerste die dit record labelt!
|
| Thư viện lưu trữ: | Trung tâm Học liệu Trường Đại học Cần Thơ |
|---|
| LEADER | 00576nam a2200181Ia 4500 | ||
|---|---|---|---|
| 001 | CTU_46738 | ||
| 008 | 210402s9999 xx 000 0 und d | ||
| 082 | |a 895.9221 | ||
| 082 | |b H125 | ||
| 100 | |a Ôn như hầu Nguyễn Gia Thiều | ||
| 245 | 0 | |a Cung oán ngâm khúc | |
| 245 | 0 | |b = Das klagelied der odaliske | |
| 245 | 0 | |c Ôn như hầu Nguyễn Gia Thiều | |
| 260 | |a Sài Gòn | ||
| 260 | |b Tân Việt | ||
| 260 | |c 1967 | ||
| 650 | |a kieu story,vietnamese poetry - 18th century | ||
| 980 | |a Trung tâm Học liệu Trường Đại học Cần Thơ | ||